Central Library || Chittagong University

লোকায়ত দর্শন (Record no. 1458)

MARC details
000 -LEADER
fixed length control field 00966nam a2200253 a 4500
001 - CONTROL NUMBER
control field 001458
003 - CONTROL NUMBER IDENTIFIER
control field BD-ChCU
005 - DATE AND TIME OF LATEST TRANSACTION
control field 20230204155941.0
008 - FIXED-LENGTH DATA ELEMENTS--GENERAL INFORMATION
fixed length control field 1416s2015 aii b 002 0 ben
020 ## - INTERNATIONAL STANDARD BOOK NUMBER
International Standard Book Number
040 ## - CATALOGING SOURCE
Original cataloging agency DLC
Transcribing agency DLC
Modifying agency BD-ChCU
082 00 - DEWEY DECIMAL CLASSIFICATION NUMBER
Classification number ১৮১.৪/চট্টো ৫৫ লো
100 1# - MAIN ENTRY--PERSONAL NAME
Personal name চট্টোপাধ্যায়, দেবীপ্রসাদ
Titles and words associated with a name
245 ## - TITLE STATEMENT
Title লোকায়ত দর্শন
Statement of responsibility, etc.
-- দেবীপ্রসাদ চট্টোপাধ্যায়
246 ## - VARYING FORM OF TITLE
Title proper/short title Lilaiyot darshan
--
-- Debiporsad Chottopddaye
250 ## - EDITION STATEMENT
Edition statement ১ম সং
260 ## - PUBLICATION, DISTRIBUTION, ETC.
Place of publication, distribution, etc. কলকাতা
Date of publication, distribution, etc. নিই এজ পাব.
-- ১৪১৬ (বাং)
300 ## - PHYSICAL DESCRIPTION
Extent ৬৮৭পৃ:
504 ## - BIBLIOGRAPHY, ETC. NOTE
Bibliography, etc. note Includes Bibliographical reference (P678-682) and index (P683-687).
650 ## - SUBJECT ADDED ENTRY--TOPICAL TERM
Topical term or geographic name entry element দর্শন ভারতীয়
Location of event দর্শন
650 ## - SUBJECT ADDED ENTRY--TOPICAL TERM
Topical term or geographic name entry element Darshan Varotio
700 1# - ADDED ENTRY--PERSONAL NAME
Personal name
942 ## - ADDED ENTRY ELEMENTS (KOHA)
Source of classification or shelving scheme Dewey Decimal Classification
Koha item type Books
Holdings
Withdrawn status Lost status Source of classification or shelving scheme Damaged status Not for loan Home library Current library Shelving location Date acquired Source of acquisition Total Checkouts Full call number Barcode Date last seen Copy number Price effective from Koha item type
    Dewey Decimal Classification     Chittagong University Library Chittagong University Library General Stacks 03/08/2015 ক্রয়কৃত   ১৮১.৪/চট্টো ৫৫ লো B২৮৪৯৫২ 03/08/2015 ০১ 03/08/2015 Books
    Dewey Decimal Classification     Chittagong University Library Chittagong University Library Staff Office 03/08/2015 ক্রয়কৃত   ১৮১.৪/চট্টো ৫৫ লো B২৮৪৯৫৩ 03/08/2015 ০২ 03/08/2015 Books
© Copyright 2026. Chittagong University Library, Installation and Maintenance by Prof. Dr. Md. Alamgir, 01711306253